Vista normal
Vista MARC
Entrada Materia (reunión)
Número de registros utilizados en: 1
001 - CONTROL NUMBER
- control field: 57178
003 - CONTROL NUMBER IDENTIFIER
- control field: Co-BoUCM
005 - DATE AND TIME OF LATEST TRANSACTION
- control field: 20140225131201.0
008 - FIXED-LENGTH DATA ELEMENTS
- fixed length control field: 140225|| aca||aabn | a|a d
040 ## - CATALOGING SOURCE
- Original cataloging agency: Co-BoUCM
- Transcribing agency: Co-BoUCM
111 ## - HEADING--MEETING NAME
- Meeting name or jurisdiction name as entry element: Congreso iberoamericano
- Number of part/section/meeting: 2
- Date of meeting: 2011 : ago 30-31 ; 1 sep
- Location of meeting: Bogotá
670 ## - SOURCE DATA FOUND
- Source citation: Work cat.: (Co-BoUCM)239613: Congreso iberoamericano 2 2011 : ago 30-31 ; 1 sep Bogotá, Derecho electoral de Latinoamérica, 2013